00450nam a2200109Ia 4500008004100000050002400041100002800065245011900093260008600212300002800298521001400326140724s9999 xx 000 0 und d aHF 5415b.B623 2012 aBistayan, Joane Faye L. 2aA marketing research and analysis for Capital G :bhow to groove in an eventful society /cJoane Faye L. Bistayan. aLas Piñas, Philippines :bSouthville International School and Colleges,cc2012. a53 p. :bill. ;c28 cm. aMarketing